[Event "Galicia-ch 2021"]
[Site "Padron"]
[Date "2021.04.03"]
[Round "5.5"]
[White "Espineira Gonzalez, Diego"]
[Black "Casares Ripoll, Fernando"]
[Result "1-0"]
[WhiteElo "2338"]
[BlackElo "2098"]
[Annotator "NA"]
[PlyCount "93"]
[EventDate "2021.04.02"]
[EventType "swiss"]
[EventCountry "ESP"]
[SourceTitle "playchess.com"]
[Source "ChessBase"]
[SourceQuality "1"]
[TimeControl "5400+30"]

1. e4 {[%emt 0:00:00]} e5 {[%emt 0:00:00]} 2. Nf3 {[%emt 0:00:00]} Nc6 {[%emt 0:00:00]} 3. Bb5 {[%emt 0:00:00]} g6 {[%emt 0:00:00]} 4. O-O {[%emt 0:00:30]} Bg7 {[%emt 0:00:00]} 5. Re1 {[%emt 0:03:46]} Nge7 {[%emt 0:00:26]} 6. c3 {[%emt 0:00:54]} O-O {[%emt 0:00:28]} 7. d4 {[%emt 0:02:14]} exd4 {[%emt 0:00:39]} 8. cxd4 {[%emt 0:00:07]} d5 {[%emt 0:00:29]} 9. exd5 {[%emt 0:05:26]} Nxd5 {[%emt 0:00:19]} 10. h3 {[%emt 0:01:54]} h6 {[%emt 0:01:48]} 11. Nc3 {[%emt 0:07:23]} Nce7 {[%emt 0:02:27]} 12. Be3 {[%emt 0:10:01]} Nf5 {[%emt 0:14:47]} 13. Rc1 $11 {[%emt 0:07:46]} c6 {[%emt 0:04:10]} 14. Nxd5 {[%emt 0:01:46]} Qxd5 {[%emt 0:01:57]} 15. Bc4 {[%emt 0:00:22]} Qd6 {[%emt 0:04:47]} 16. Qd2 {[%emt 0:05:22]} Nxe3 {[%emt 0:04:38]} 17. Qxe3 {[%emt 0:14:18]} Bf5 {[%emt 0:02:44]} 18. Qe7 {[%emt 0:03:55]} Rad8 {[%emt 0:02:09]} 19. Qxb7 {[%emt 0:06:08]} Rd7 {[%emt 0:04:24]} 20. Qa6 {[%emt 0:01:44]} Bxd4 {[%emt 0:01:09]} 21. Nxd4 {[%emt 0:00:16]} Qxd4 {[%emt 0:00:12]} 22. Qxc6 {[%emt 0:01:50]} Rd6 {[%emt 0:10:04]} 23. Qc7 {[%emt 0:02:03]} Be6 {[%emt 0:10:04]} 24. Bxe6 {[%emt 0:01:06]} fxe6 {[%emt 0:02:27]} 25. Re2 {[%emt 0:01:05]} Qf4 {[%emt 0:06:58]} 26. Rce1 {[%emt 0:01:58]} Rf7 {[%emt 0:04:46]} 27. Qc5 {[%emt 0:00:18]} Rb6 {[%emt 0:06:57]} 28. b3 {[%emt 0:01:17]} Rc7 {[%emt 0:01:29]} 29. Qa5 {[%emt 0:01:40]} Qf5 {[%emt 0:05:33]} 30. Qd2 {[%emt 0:01:44]} Kg7 {[%emt 0:02:34]} 31. Qd8 {[%emt 0:05:56]} Rf7 {[%emt 0:00:12]} 32. Qd4+ {[%emt 0:01:14]} Qf6 {[%emt 0:00:15]} 33. Qc5 {[%emt 0:05:34]} Qe7 {[%emt 0:00:55]} 34. Qc4 {[%emt 0:00:19]} Qf6 {[%emt 0:00:28]} 35. Rd1 {[%emt 0:02:38]} e5 {[%emt 0:00:42]} 36. Qd5 {[%emt 0:00:58]} Re6 {[%emt 0:00:19]} 37. Rde1 {[%emt 0:00:59]} Rfe7 {[%emt 0:01:28]} 38. Re4 {[%emt 0:01:00]} Rd6 {[%emt 0:00:18]} 39. Qa5 {[%emt 0:00:14]} Ra6 {[%emt 0:00:24]} 40. Qd2 {[%emt 0:00:13]} Rd6 {[%emt 0:00:36]} 41. Qe2 {[%emt 0:00:23]} Rde6 {[%emt 0:00:19]} 42. f4 {[%emt 0:00:16]} Ra6 {[%emt 0:01:31]} 43. fxe5 {[%emt 0:00:19]} Qb6+ {[%emt 0:00:12]} 44. Kh1 {[%emt 0:00:22]} Rf7 {[%emt 0:00:22]} 45. e6 {[%emt 0:00:57]} Rf2 {[%emt 0:00:14]} 46. e7 {[%emt 0:00:41]} Rxe2 {[%emt 0:01:27]} 47. R4xe2 {[%emt 0:00:15]} 1-0

[Event "Galicia-ch 2021"]
[Site "Padron"]
[Date "2021.04.03"]
[Round "5.6"]
[White "Lopez Gonzalez, Alfonso"]
[Black "Picos Maiztegui, Miguel"]
[Result "1-0"]
[WhiteElo "2254"]
[BlackElo "2083"]
[Annotator "TA"]
[PlyCount "57"]
[EventDate "2021.04.02"]
[EventType "swiss"]
[EventCountry "ESP"]
[SourceTitle "playchess.com"]
[Source "ChessBase"]
[SourceQuality "1"]

{[%evp 24,57,0,-6,33,14,25,20,30,28,68,53,79,63,69,69,339,312,672,667,643,647,743,720,754,749,724,730,670,506,732,718,5900,5389,29996,29994]} 1. d4 d5 2. c4 dxc4 3. e3 Nf6 4. Bxc4 e6 5. Nf3 a6 6. a4 c5 7. O-O Nc6 8. Qe2 Be7 9. Rd1 Qc7 10. Nc3 O-O 11. h3 Rd8 12. d5 exd5 13. Bxd5 {[#]} Na5 $146 {D27: Queen's Gambit Accepted: Classical main line: 7 e4!? and 7 a4.} ({Predecessor:} 13... Nb4 14. e4 Nfxd5 15. Nxd5 Nxd5 16. exd5 Bf5 17. Be3 b6 18. Rac1 Qb7 19. a5 bxa5 20. Bxc5 Bf6 21. Bd4 Bxd4 22. Nxd4 Rxd5 23. Nxf5 Rxf5 {0-1 (93) Saric,I (2565)-Georgiev,K (2685) Sibenik 2010}) 14. e4 {Ng5 is the strong threat.} Be6 15. Bg5 Bxd5 {The position is equal.} 16. exd5 Re8 17. Qc2 Rad8 18. Bxf6 Bxf6 19. Ne4 $1 {[%cal Re4f6]} Bxb2 {[%mdl 8192] [#]} 20. d6 $1 $18 {[%cal Rd6c7]} Qc6 {[#]} (20... Qb6) 21. Neg5 $1 {[%mdl 64] Discovered Attack} g6 22. Qxb2 Rxd6 {[#]} 23. Nxf7 $1 {[%mdl 512]} Kxf7 24. Ne5+ Rxe5 25. Qxe5 Rf6 26. Rac1 Nb3 27. Rc3 c4 {[#]} 28. Rxc4 $1 {[%mdl 512]} Qb6 (28... Nc5 29. Rxc5) 29. Rc7+ {Black did not feel at home in the position after the opening.  Weighted Error Value: White=0.14/Black=1.42} 1-0

[Event "Galicia-ch 2021"]
[Site "Padron"]
[Date "2021.04.03"]
[Round "6.1"]
[White "Larino Nieto, David"]
[Black "Gomez Dieguez, David"]
[Result "1-0"]
[WhiteElo "2461"]
[BlackElo "2298"]
[Annotator "ChessBase"]
[PlyCount "87"]
[EventDate "2021.04.02"]
[EventType "swiss"]
[EventCountry "ESP"]
[SourceTitle "playchess.com"]
[Source "ChessBase"]
[SourceQuality "1"]
[TimeControl "5400+30"]

1. Nf3 {[%emt 0:11:36]} Nf6 {[%emt 0:00:00]} 2. Nc3 {[%emt 0:00:05]} d5 {[%emt 0:03:43]} 3. d4 {[%emt 0:00:02]} Bf5 {[%emt 0:00:04]} 4. Bf4 {[%emt 0:02:30]} Nh5 {[%emt 0:03:32]} 5. Be5 {[%emt 0:01:29]} f6 {[%emt 0:00:53]} 6. e4 {[%emt 0:07:19]} Bg6 {[%emt 0:06:38]} 7. exd5 {[%emt 0:09:36]} fxe5 {[%emt 0:09:45]} 8. dxe5 {[%emt 0:00:03]} e6 {[%emt 0:04:06]} 9. Nd4 {[%emt 0:06:48]} exd5 {[%emt 0:09:16]} 10. Ne6 {[%emt 0:00:51]} Qd7 {[%emt 0:00:29]} 11. Nxd5 {[%emt 0:01:36]} Bb4+ {[%emt 0:00:09]} 12. c3 {[%emt 0:01:58]} Ba5 {[%emt 0:00:03]} 13. Nc5 {[%emt 0:09:19]} Qf5 {[%emt 0:03:05]} 14. Bb5+ {[%emt 0:00:21]} c6 {[%emt 0:01:50]} 15. O-O {[%emt 0:00:04]} Qc8 {[%emt 0:22:51]} 16. Qa4 {[%emt 0:01:40]} Bd8 {[%emt 0:01:47]} 17. Be2 {[%emt 0:08:47]} O-O {[%emt 0:02:15]} 18. Ne3 {[%emt 0:00:36]} Nf4 {[%emt 0:04:43]} 19. Bg4 {[%emt 0:00:16]} Qc7 {[%emt 0:00:04]} 20. Qc4+ {[%emt 0:13:14]} Kh8 {[%emt 0:00:26]} 21. g3 {[%emt 0:00:29]} Qxe5 {[%emt 0:11:08]} 22. gxf4 {[%emt 0:01:21]} Rxf4 {[%emt 0:00:14]} 23. Rad1 {[%emt 0:05:30]} Na6 {[%emt 0:02:02]} 24. Nd7 {[%emt 0:03:24]} Qg5 {[%emt 0:01:34]} 25. Rd4 {[%emt 0:00:27]} Bc7 {[%emt 0:01:59]} 26. Rxf4 {[%emt 0:01:18]} Qxf4 {[%emt 0:01:43]} 27. Qxf4 {[%emt 0:00:02]} Bxf4 {[%emt 0:00:05]} 28. Ng2 {[%emt 0:01:39]} Bc7 {[%emt 0:00:53]} 29. f4 {[%emt 0:00:10]} Rd8 {[%emt 0:01:07]} 30. Re1 {[%emt 0:00:35]} Be8 {[%emt 0:02:34]} 31. Ne5 {[%emt 0:00:33]} Kg8 {[%emt 0:01:55]} 32. Kf2 {[%emt 0:03:12]} Rd2+ {[%emt 0:00:34]} 33. Kg3 {[%emt 0:00:16]} Kf8 {[%emt 0:00:05]} 34. Nf3 {[%emt 0:01:14]} Rxb2 {[%emt 0:01:13]} 35. Ng5 {[%emt 0:00:02]} Bg6 {[%emt 0:02:13]} 36. Ne6+ {[%emt 0:00:01]} Kg8 {[%emt 0:00:06]} 37. Nh4 {[%emt 0:00:30]} Bb6 {[%emt 0:00:42]} 38. Kh3 {[%emt 0:01:55]} Nc5 {[%emt 0:01:25]} 39. Ng5 {[%emt 0:00:30]} Nd3 {[%emt 0:00:46]} 40. Nxg6 {[%emt 0:00:21]} Nxf4+ {[%emt 0:01:23]} 41. Nxf4 {[%emt 0:00:06]} g6 {[%emt 0:00:14]} 42. Re7 {[%emt 0:01:06]} Rf2 {[%emt 0:00:46]} 43. Nfe6 {[%emt 0:00:28]} h5 {[%emt 0:00:10]} 44. Re8+ {[%emt 0:00:09]} 1-0

[Event "Galicia-ch 2021"]
[Site "Padron"]
[Date "2021.04.03"]
[Round "6.2"]
[White "Villar Perez, Samuel"]
[Black "Espineira Gonzalez, Diego"]
[Result "1/2-1/2"]
[WhiteElo "2183"]
[BlackElo "2338"]
[Annotator "NA"]
[PlyCount "56"]
[EventDate "2021.04.02"]
[EventType "swiss"]
[EventCountry "ESP"]
[SourceTitle "playchess.com"]
[Source "ChessBase"]
[SourceQuality "1"]
[TimeControl "5400+30"]

1. d4 {[%emt 0:06:36]} d5 {[%emt 0:00:00]} 2. Nf3 {[%emt 0:00:50]} Nf6 {[%emt 0:00:00]} 3. Bf4 {[%emt 0:00:23]} c5 {[%emt 0:00:00]} 4. e3 {[%emt 0:00:04]} Qb6 {[%emt 0:00:09]} 5. Qc1 {[%emt 0:20:01]} Nc6 {[%emt 0:00:47]} 6. c3 {[%emt 0:01:31]} Bf5 {[%emt 0:01:37]} 7. Nbd2 $11 {[%emt 0:00:20]} h6 {[%emt 0:05:50]} 8. dxc5 {[%emt 0:03:59]} Qxc5 {[%emt 0:01:10]} 9. Nb3 {[%emt 0:02:03]} Qb6 {[%emt 0:00:11]} 10. Nbd4 {[%emt 0:00:10]} Nxd4 {[%emt 0:04:21]} 11. exd4 {[%emt 0:08:26]} e6 {[%emt 0:06:11]} 12. a4 {[%emt 0:00:42]} a6 {[%emt 0:01:38]} 13. a5 {[%emt 0:02:36]} Qd8 {[%emt 0:02:18]} 14. Qd1 {[%emt 0:00:09]} Bd6 {[%emt 0:02:55]} 15. Qa4+ {[%emt 0:02:09]} Ke7 {[%emt 0:00:27]} 16. Bxd6+ {[%emt 0:08:46]} Qxd6 {[%emt 0:00:10]} 17. Ne5 {[%emt 0:01:43]} Nd7 {[%emt 0:16:35]} 18. Nxd7 {[%emt 0:02:07]} Qxd7 {[%emt 0:00:11]} 19. Be2 {[%emt 0:03:07]} Rac8 {[%emt 0:02:20]} 20. Qb4+ {[%emt 0:01:18]} Kf6 {[%emt 0:00:11]} 21. O-O {[%emt 0:00:18]} g5 {[%emt 0:08:41]} 22. Ra3 {[%emt 0:04:27]} Rc7 {[%emt 0:01:24]} 23. Rb3 {[%emt 0:00:59]} Bc2 {[%emt 0:03:11]} 24. Ra3 {[%emt 0:00:04]} Bf5 {[%emt 0:05:27]} 25. Qb6 {[%emt 0:05:30]} Kg7 {[%emt 0:10:48]} 26. Qb3 {[%emt 0:01:35]} Re8 {[%emt 0:00:32]} 27. Qb4 Kf6 28. Qb3 Rh8 1/2-1/2

[Event "Galicia-ch 2021"]
[Site "Padron"]
[Date "2021.04.03"]
[Round "6.3"]
[White "Medarde Santiago, Luis Marcos"]
[Black "Del Prado Rodriguez, Xulio"]
[Result "1/2-1/2"]
[WhiteElo "2325"]
[BlackElo "2132"]
[Annotator "ChessBase"]
[PlyCount "165"]
[EventDate "2021.04.02"]
[EventType "swiss"]
[EventCountry "ESP"]
[SourceTitle "playchess.com"]
[Source "ChessBase"]
[SourceQuality "1"]
[TimeControl "5400+30"]

1. e4 {[%emt 0:03:35]} c5 {[%emt 0:00:00]} 2. Nf3 {[%emt 0:00:44]} d6 {[%emt 0:00:03]} 3. d4 {[%emt 0:00:03]} cxd4 {[%emt 0:00:10]} 4. Nxd4 {[%emt 0:00:04]} Nf6 {[%emt 0:00:09]} 5. Nc3 {[%emt 0:00:06]} Nc6 {[%emt 0:00:05]} 6. Bc4 {[%emt 0:00:53]} Qb6 {[%emt 0:00:17]} 7. Nxc6 {[%emt 0:00:05]} bxc6 {[%emt 0:00:08]} 8. O-O {[%emt 0:00:08]} g6 {[%emt 0:04:56]} 9. Qe1 {[%emt 0:00:06]} Qc5 {[%emt 0:06:11]} 10. Bb3 {[%emt 0:01:46]} Bg7 {[%emt 0:02:55]} 11. Be3 {[%emt 0:06:30]} Qh5 {[%emt 0:04:59]} 12. f3 {[%emt 0:00:27]} O-O {[%emt 0:00:57]} 13. Qf2 {[%emt 0:02:45]} Qa5 {[%emt 0:03:16]} 14. Rfe1 {[%emt 0:02:52]} Rd8 {[%emt 0:09:19]} 15. Rad1 {[%emt 0:05:01]} d5 {[%emt 0:18:20]} 16. exd5 {[%emt 0:10:17]} cxd5 {[%emt 0:00:54]} 17. Bd4 {[%emt 0:07:00]} e6 {[%emt 0:02:27]} 18. Qh4 {[%emt 0:09:02]} Nh5 {[%emt 0:07:16]} 19. Bxg7 {[%emt 0:05:13]} Nxg7 {[%emt 0:01:51]} 20. Ne4 {[%emt 0:08:00]} Nf5 {[%emt 0:04:28]} 21. Qf6 {[%emt 0:01:44]} Bb7 {[%emt 0:03:14]} 22. Ng5 {[%emt 0:02:03]} Qc5+ {[%emt 0:00:24]} 23. Kh1 {[%emt 0:01:17]} Qe7 {[%emt 0:01:04]} 24. Qxe7 {[%emt 0:00:59]} Nxe7 {[%emt 0:00:13]} 25. f4 {[%emt 0:00:28]} a5 {[%emt 0:05:39]} 26. a4 {[%emt 0:00:36]} Ba6 {[%emt 0:03:22]} 27. Nf3 {[%emt 0:01:12]} Rdc8 {[%emt 0:01:25]} 28. Nd4 {[%emt 0:04:40]} Nc6 {[%emt 0:06:37]} 29. Kg1 {[%emt 0:09:22]} Nxd4 {[%emt 0:00:18]} 30. Rxd4 {[%emt 0:00:02]} Rab8 {[%emt 0:00:19]} 31. Re3 {[%emt 0:02:03]} Kg7 {[%emt 0:01:34]} 32. Kf2 {[%emt 0:00:21]} Kf6 {[%emt 0:00:36]} 33. g4 {[%emt 0:00:45]} Rc5 {[%emt 0:02:20]} 34. g5+ {[%emt 0:01:13]} Kg7 {[%emt 0:01:03]} 35. Ke1 {[%emt 0:02:00]} Rc7 {[%emt 0:04:43]} 36. Kd2 {[%emt 0:01:42]} Rbc8 {[%emt 0:00:42]} 37. Rh3 {[%emt 0:01:22]} Bf1 {[%emt 0:00:23]} 38. Rg3 {[%emt 0:00:53]} Ba6 {[%emt 0:01:07]} 39. h4 {[%emt 0:03:12]} h5 {[%emt 0:00:41]} 40. gxh6+ {[%emt 0:01:05]} Kxh6 {[%emt 0:00:07]} 41. Re3 {[%emt 0:01:37]} Kh5 {[%emt 0:01:54]} 42. Re5+ {[%emt 0:00:17]} Kh6 {[%emt 0:00:15]} 43. h5 {[%emt 0:01:13]} Bc4 {[%emt 0:00:39]} 44. hxg6 {[%emt 0:03:00]} Kxg6 {[%emt 0:00:22]} 45. Bxc4 {[%emt 0:04:00]} Rxc4 {[%emt 0:00:05]} 46. c3 {[%emt 0:00:38]} Rxd4+ {[%emt 0:00:22]} 47. cxd4 {[%emt 0:00:01]} Rc4 {[%emt 0:00:01]} 48. f5+ {[%emt 0:00:17]} Kf6 {[%emt 0:00:13]} 49. Kd3 {[%emt 0:00:51]} Rxa4 {[%emt 0:00:11]} 50. fxe6 {[%emt 0:00:06]} fxe6 {[%emt 0:00:05]} 51. Rh5 {[%emt 0:00:14]} Rb4 {[%emt 0:00:26]} 52. Rh6+ {[%emt 0:00:08]} Ke7 {[%emt 0:00:19]} 53. Rh7+ {[%emt 0:00:06]} Kd6 {[%emt 0:00:05]} 54. Ra7 {[%emt 0:00:09]} Rxb2 {[%emt 0:01:26]} 55. Rxa5 {[%emt 0:00:19]} Rb3+ {[%emt 0:00:03]} 56. Ke2 {[%emt 0:00:23]} Ke7 {[%emt 0:00:50]} 57. Ra8 {[%emt 0:00:19]} Kf6 {[%emt 0:00:05]} 58. Rf8+ {[%emt 0:00:05]} Kg5 {[%emt 0:00:36]} 59. Kd2 {[%emt 0:00:23]} Rg3 {[%emt 0:00:40]} 60. Ke2 {[%emt 0:00:30]} Rg4 {[%emt 0:00:31]} 61. Ke3 {[%emt 0:00:10]} Re4+ {[%emt 0:00:08]} 62. Kd3 {[%emt 0:00:03]} Rf4 {[%emt 0:00:13]} 63. Rg8+ {[%emt 0:00:15]} Kf5 {[%emt 0:00:17]} 64. Rf8+ {[%emt 0:00:06]} Kg4 {[%emt 0:00:16]} 65. Rg8+ {[%emt 0:00:21]} Kf3 {[%emt 0:00:23]} 66. Rg6 {[%emt 0:00:07]} Re4 {[%emt 0:00:09]} 67. Rf6+ {[%emt 0:00:07]} Kg4 {[%emt 0:01:41]} 68. Rf8 {[%emt 0:00:27]} Kg5 {[%emt 0:00:09]} 69. Rg8+ {[%emt 0:00:15]} Kf6 {[%emt 0:00:07]} 70. Rf8+ {[%emt 0:00:04]} Ke7 {[%emt 0:00:07]} 71. Ra8 {[%emt 0:00:05]} e5 {[%emt 0:00:13]} 72. dxe5 {[%emt 0:00:06]} Rxe5 {[%emt 0:00:05]} 73. Kd4 {[%emt 0:00:10]} Re1 {[%emt 0:00:09]} 74. Ra7+ {[%emt 0:00:08]} Kd8 {[%emt 0:00:04]} 75. Kc5 {[%emt 0:00:09]} Re6 {[%emt 0:00:08]} 76. Kxd5 {[%emt 0:00:16]} Re1 {[%emt 0:00:13]} 77. Kd6 {[%emt 0:00:10]} Rd1+ {[%emt 0:00:06]} 78. Kc6 {[%emt 0:00:05]} Rc1+ {[%emt 0:00:09]} 79. Kd6 {[%emt 0:00:04]} Rd1+ {[%emt 0:00:06]} 80. Kc6 {[%emt 0:00:03]} Rc1+ {[%emt 0:00:10]} 81. Kd6 {[%emt 0:00:03]} Rd1+ {[%emt 0:00:09]} 82. Kc6 {[%emt 0:00:03]} Rc1+ {[%emt 0:00:15]} 83. Kd6 {[%emt 0:00:02]} 1/2-1/2

[Event "Galicia-ch 2021"]
[Site "Padron"]
[Date "2021.04.03"]
[Round "6.4"]
[White "Pena Varela, Martin"]
[Black "Lopez Gonzalez, Alfonso"]
[Result "1/2-1/2"]
[WhiteElo "1970"]
[BlackElo "2254"]
[Annotator "NA"]
[PlyCount "60"]
[EventDate "2021.04.02"]
[EventType "swiss"]
[EventCountry "ESP"]
[SourceTitle "playchess.com"]
[Source "ChessBase"]
[SourceQuality "1"]
[TimeControl "5400+30"]

1. e4 {[%emt 0:00:00]} e6 {[%emt 0:00:00]} 2. c4 {[%emt 0:00:00]} d5 {[%emt 0:00:30]} 3. cxd5 {[%emt 0:00:02]} exd5 {[%emt 0:00:07]} 4. exd5 {[%emt 0:00:03]} Qxd5 {[%emt 0:00:10]} 5. Nc3 {[%emt 0:00:31]} Qd8 {[%emt 0:01:26]} 6. d4 {[%emt 0:01:32]} Nf6 {[%emt 0:02:34]} 7. Bc4 {[%emt 0:02:54]} Be7 {[%emt 0:02:18]} 8. Nge2 {[%emt 0:04:03]} O-O {[%emt 0:02:04]} 9. O-O {[%emt 0:00:51]} c6 {[%emt 0:02:41]} 10. a3 {[%emt 0:05:25]} Nbd7 $11 {[%emt 0:03:14]} 11. Ng3 {[%emt 0:04:59]} Nb6 {[%emt 0:04:56]} 12. Ba2 {[%emt 0:02:26]} Nbd5 {[%emt 0:06:00]} 13. Nxd5 Nxd5 {[%emt 0:03:38]} 14. Ne4 {[%emt 0:05:37]} Bf5 {[%emt 0:00:50]} 15. Qf3 {[%emt 0:10:09]} Bg6 {[%emt 0:01:27]} 16. Nc3 {[%emt 0:06:55]} Nxc3 {[%emt 0:03:24]} 17. bxc3 {[%emt 0:00:26]} Qa5 {[%emt 0:03:47]} 18. Bb1 {[%emt 0:18:50]} Bf6 {[%emt 0:05:35]} 19. Bxg6 {[%emt 0:06:08]} hxg6 {[%emt 0:00:15]} 20. Rb1 {[%emt 0:02:04]} Qa6 {[%emt 0:01:53]} 21. Bf4 {[%emt 0:02:52]} Rfe8 {[%emt 0:02:06]} 22. h4 {[%emt 0:09:35]} Re7 {[%emt 0:06:24]} 23. Bd6 {[%emt 0:02:55]} Re6 {[%emt 0:02:26]} 24. Bb4 {[%emt 0:01:09]} Bxh4 {[%emt 0:03:07]} 25. Qf4 {[%emt 0:02:44]} Bf6 {[%emt 0:02:50]} 26. Rfe1 {[%emt 0:00:52]} g5 {[%emt 0:03:41]} 27. Qc7 {[%emt 0:01:07]} Rae8 {[%emt 0:02:22]} 28. Rxe6 {[%emt 0:01:15]} Rxe6 {[%emt 0:00:04]} 29. Qb8+ {[%emt 0:01:12]} Kh7 {[%emt 0:00:11]} 30. Qh2+ {[%emt 0:00:10]} Kg8 {[%emt 0:10:52]} 1/2-1/2

[Event "Galicia-ch 2021"]
[Site "Padron"]
[Date "2021.04.03"]
[Round "6.5"]
[White "Gonzalez Perez, Arian"]
[Black "Gonzalez Perez, Jose Ramon"]
[Result "1/2-1/2"]
[WhiteElo "2481"]
[BlackElo "2099"]
[Annotator "ChessBase"]
[PlyCount "112"]
[EventDate "2021.04.02"]
[EventType "swiss"]
[EventCountry "ESP"]
[SourceTitle "playchess.com"]
[Source "ChessBase"]
[SourceQuality "1"]
[TimeControl "5400+30"]

1. e4 {[%emt 0:09:33]} e5 {[%emt 0:00:00]} 2. Nf3 {[%emt 0:00:12]} Nc6 {[%emt 0:00:13]} 3. d4 {[%emt 0:00:03]} exd4 {[%emt 0:00:19]} 4. Nxd4 {[%emt 0:00:04]} Bb4+ {[%emt 0:00:10]} 5. c3 {[%emt 0:00:03]} Bc5 {[%emt 0:00:17]} 6. Be3 {[%emt 0:00:03]} Bb6 {[%emt 0:01:05]} 7. Nf5 {[%emt 0:00:04]} Bxe3 {[%emt 0:00:38]} 8. Nxe3 {[%emt 0:00:03]} Nf6 {[%emt 0:00:43]} 9. f3 {[%emt 0:00:03]} O-O {[%emt 0:01:05]} 10. c4 {[%emt 0:00:03]} d6 {[%emt 0:01:32]} 11. Nc3 {[%emt 0:00:04]} Nd7 {[%emt 0:02:51]} 12. Be2 {[%emt 0:01:31]} Nc5 {[%emt 0:02:42]} 13. O-O {[%emt 0:00:26]} a5 {[%emt 0:01:58]} 14. Ned5 {[%emt 0:04:02]} Be6 {[%emt 0:06:54]} 15. f4 {[%emt 0:01:27]} f5 {[%emt 0:06:32]} 16. exf5 {[%emt 0:01:48]} Bxf5 {[%emt 0:00:29]} 17. Nb5 {[%emt 0:03:55]} Rc8 {[%emt 0:00:16]} 18. Bg4 {[%emt 0:01:05]} Bxg4 {[%emt 0:10:37]} 19. Qxg4 {[%emt 0:00:10]} Ne7 {[%emt 0:00:37]} 20. Nd4 {[%emt 0:10:40]} Nxd5 {[%emt 0:12:43]} 21. cxd5 {[%emt 0:00:02]} Qf6 {[%emt 0:00:32]} 22. f5 {[%emt 0:00:49]} c6 {[%emt 0:01:35]} 23. Ne6 {[%emt 0:14:26]} Rfe8 {[%emt 0:07:24]} 24. h3 {[%emt 0:18:26]} cxd5 {[%emt 0:02:50]} 25. Nxg7 {[%emt 0:03:32]} Qxg7 {[%emt 0:05:18]} 26. f6 {[%emt 0:00:09]} Qxg4 {[%emt 0:00:13]} 27. f7+ {[%emt 0:00:03]} Kg7 {[%emt 0:00:19]} 28. fxe8=N+ {[%emt 0:00:06]} Rxe8 {[%emt 0:00:06]} 29. hxg4 {[%emt 0:00:06]} Re4 {[%emt 0:00:39]} 30. Rf5 {[%emt 0:00:46]} d4 {[%emt 0:01:58]} 31. Rd5 {[%emt 0:01:24]} Kf6 {[%emt 0:02:21]} 32. Rxd6+ {[%emt 0:00:10]} Ke5 {[%emt 0:00:10]} 33. Rh6 {[%emt 0:07:24]} d3 {[%emt 0:03:12]} 34. Rxh7 {[%emt 0:00:59]} Kd4 {[%emt 0:01:15]} 35. Rh8 {[%emt 0:04:11]} d2 {[%emt 0:05:28]} 36. Rd8+ {[%emt 0:00:10]} Ke3 {[%emt 0:00:08]} 37. Rf1 {[%emt 0:00:31]} Rd4 {[%emt 0:05:44]} 38. Rxd4 {[%emt 0:13:27]} Kxd4 {[%emt 0:00:07]} 39. Kf2 {[%emt 0:02:15]} Ne4+ {[%emt 0:02:34]} 40. Kf3 {[%emt 0:00:59]} Kd3 {[%emt 0:00:47]} 41. a4 {[%emt 0:02:04]} Ng5+ {[%emt 0:01:09]} 42. Kf4 {[%emt 0:02:06]} Ke2 {[%emt 0:00:14]} 43. Rh1 {[%emt 0:00:49]} Ne6+ {[%emt 0:06:49]} 44. Kf5 {[%emt 0:00:01]} Nd4+ {[%emt 0:00:07]} 45. Ke4 {[%emt 0:00:03]} Ne6 {[%emt 0:00:27]} 46. g3 {[%emt 0:01:10]} d1=Q {[%emt 0:02:52]} 47. Rxd1 {[%emt 0:00:08]} Kxd1 {[%emt 0:00:05]} 48. Ke5 {[%emt 0:01:15]} Nf8 {[%emt 0:02:17]} 49. g5 {[%emt 0:00:42]} Ke2 {[%emt 0:00:24]} 50. Kf5 {[%emt 0:00:34]} Kf3 {[%emt 0:00:11]} 51. g4 {[%emt 0:00:51]} Kg3 {[%emt 0:00:08]} 52. b3 {[%emt 0:00:27]} Kf3 {[%emt 0:00:20]} 53. Ke5 {[%emt 0:00:32]} Kxg4 {[%emt 0:00:43]} 54. Kd6 {[%emt 0:00:04]} Kxg5 {[%emt 0:00:08]} 55. Kc7 {[%emt 0:00:46]} Ne6+ {[%emt 0:00:13]} 56. Kb6 {[%emt 0:00:16]} Nd4 {[%emt 0:00:47]} 1/2-1/2